Snoopy's Aliases Peanuts Quiz - Statistics

General Stats
  • This quiz has been taken 74 times
  • The average score is 3 of 8
Answer Stats
Picture Answer % Correct
Joe Cool
92%
Santa Beagle
72%
Easter Beagle
57%
Helicopter
48%
Fierce Vulture
42%
WWI Flying Ace
17%
Masked Marvel
12%
World Famous Author
8%
No matching quizzes found
Score Distribution
Percent of People with Each Score
Percentile by Number Answered
Your Score History
You have not taken this quiz